MARC

LEADER 00000nam0a2200000 4500
001 38227
005 20231101210501.0
035 |a (RuTPU)RU\TPU\book\38911 
090 |a 38227 
100 |a 20020226d1980 km y0rusy50 ca 
101 0 |a rus 
102 |a RU 
105 |a a z 001zy 
200 1 |a Источники питания лазеров  |f В. М. Вакуленко, Л. П. Иванов 
210 |a Москва  |c Советское радио  |d 1980 
215 |a 102 с.  |c ил. 
225 1 |a Массовая библиотека инженера "Электроника"  |v Вып. 24 
320 |a Библиогр.: с. 95-101. 
606 |a Генераторы квантовые  |x Источники электропитания  |2 stltpush  |3 (RuTPU)RU\TPU\subj\5745  |9 33751 
610 1 |a лазеры 
610 1 |a питание 
610 1 |a электрические схемы 
610 1 |a лазерные излучатели 
610 1 |a электропитание 
610 1 |a источники 
675 |a 621.373.826:621.311.6  |v 3 
700 1 |a Вакуленко  |b В. М.  |g Владимир Михайлович 
701 1 |a Иванов  |b Л. П.  |g Лев Павлович 
801 1 |a RU  |b 63413507  |c 20020226  |g PSBO 
801 2 |a RU  |b 63413507  |c 20180323  |g PSBO 
942 |c BK